| 000 | 00421nam a22001337a 4500 | ||
|---|---|---|---|
| 082 |
_a516.22 _bHOR _cL-2, P-19 |
||
| 100 |
_aHorblit, Marcus _939370 |
||
| 245 |
_aPlane geometry problems with solutions/ _chorblit, marcus, nielsen, Kaj L. |
||
| 260 |
_aNew Yorks: _bBarnes & nobles, Inc., _cc1947 |
||
| 300 |
_av, 197 p.: _bdiagr _c19cm |
||
| 526 |
_a0 _b0 _c0 _d516_220000000000000_HOR |
||
| 650 |
_aMCE _9379 |
||
| 942 |
_2ddc _cBK |
||
| 999 |
_c543869 _d543869 |
||